00736nam a2200205Ia 450000100060000000800390000602000220004508200130006710000270008024501160010725000120022326000410023530000210027665300140029765300310031165300160034294200120035895201430037099900170051361260170109n2010 ii |||gr||||Z||||||465 a978-81-8457-185-1 a370.2609 aParimala, D.,eEditor. 0aEquity and education in India :bPolicy, issues and challenges /cEdited by Dr D. Parimala .hTextual Documents a1st ed. aNew DelhibKanishka Publishersc2010 axx, 290p:c21cm. aEducation aEquity, Education in India aG-Education 2ddccBK 001040708General aSKBLbSKBLcG-Eduactiond2017-01-09g750.00l0o370.2609 Pa 217 Eqp186/Rusar2024-01-14 00:00:00t1w2017-01-09yBK c62369d62369